000 00282nam a2200121Ia 4500
005 20251222144631.0
008 251222s9999||||xx |||||||||||||| ||spa||
082 _a613.284/T38
100 _aTeodori, DarĂ­o
245 0 _aLa Simvastatina MSD Zocor:
264 _bDacte
942 _cLIB
999 _c16284
_d16284